Normal view
MARC view
- Alvi,Sara
Entry Personal Name
001 - CONTROL NUMBER
- control field: 133239
003 - CONTROL NUMBER IDENTIFIER
- control field: NUST
005 - DATE AND TIME OF LATEST TRANSACTION
- control field: 20260216115059.0
008 - FIXED-LENGTH DATA ELEMENTS
- fixed length control field: 260216|| aca||aabn | a|a d
040 ## - CATALOGING SOURCE
- Original cataloging agency: NUST
- Transcribing agency: NUST
100 ## - HEADING--PERSONAL NAME
- Personal name: Alvi,Sara
670 ## - SOURCE DATA FOUND
- Source citation: Work cat.: (NUST)351198: Alvi,Sara, The Engro Zarkhez Challenge 2011., 2012.
